ECONOMIC DEVELOPMENT OF ASSAM (Record no. 187)
[ view plain ]
| 000 -LEADER | |
|---|---|
| fixed length control field | 00345cam a2200157ua 4500 |
| 008 - FIXED-LENGTH DATA ELEMENTS--GENERAL INFORMATION | |
| fixed length control field | 120704n II |||gr||||Z||||||eng |
| 040 ## - CATALOGING SOURCE | |
| Original cataloging agency | MAIN |
| 041 ## - LANGUAGE CODE | |
| -- | English |
| 082 ## - DEWEY DECIMAL CLASSIFICATION NUMBER | |
| Classification number | 338.9 GOS |
| 100 ## - MAIN ENTRY--PERSONAL NAME | |
| Personal name | GOSWAMI , P. C. |
| 245 ## - TITLE STATEMENT | |
| Title | ECONOMIC DEVELOPMENT OF ASSAM |
| 300 ## - PHYSICAL DESCRIPTION | |
| Dimensions | 20CM. |
| 942 ## - ADDED ENTRY ELEMENTS (KOHA) | |
| Koha item type | Books |
| 653 ## - INDEX TERM--UNCONTROLLED | |
| Uncontrolled term | Economic Development |
| Withdrawn status | Lost status | Damaged status | Not for loan | Collection code | Home library | Current library | Shelving location | Date acquired | Full call number | Barcode | Date last seen | Copy number | Price effective from | Koha item type |
|---|---|---|---|---|---|---|---|---|---|---|---|---|---|---|
| TBECO | Central Library and Information Centre Sibsagar Girls College | Central Library and Information Centre Sibsagar Girls College | Economics Rack | 19.04.1967 | 338.9 GOS | 00208 | 27.02.2020 | 1 | 27.02.2020 | Books |